| 000 | 00358nam a2200133Ia 4500 | ||
|---|---|---|---|
| 005 | 20260328101528.0 | ||
| 008 | 260328s9999||||xx |||||||||||||| ||und|| | ||
| 100 | _aEttinghausen, Richard | ||
| 245 | 0 |
_aIslamic Art And Architecture 650-1250 / _cRichard Ettinghausen |
|
| 260 | _bYale University Press | ||
| 300 | _a344 p. | ||
| 650 | _aEDAD MEDIA | ||
| 942 | _cBK | ||
| 999 |
_c9878 _d9878 |
||